000 00360 a2200145 4500
001 169841
020 _a
040 _cMagnum
100 _aMinisterio da Educacao e Cultura
240 1 0 _aSupervisao pedagogica e orientacao educacional
_lpor
245 1 0 _aSupervisao pedagogica e orientacao educacional
362 0 _a1899
697 _aENSINO
942 _cBK
999 _c169841
_d169841